000 00380nam a2200157Ia 4500
008 230524s9999 xx 000 0 und d
082 _a621.38
_bSIN
100 _aRavindra P.Singh
245 0 _aDigital Power Systems Protection
250 _a1ST
260 _aNEW DELHI
_bPHI
_c2007
300 _aIX;195
500 _aQuantity Number: 2
650 _aElectrical
942 _cBK
999 _c37121
_d37121